To Pimp A Butterfly quiz - Statistics

General Stats
  • This quiz has been taken 87 times
  • The average score is 13 of 16
Answer Stats
Track Number Answer % Correct
15 i
96%
1 Wesley's Theory
96%
7 Alright
94%
2 For Free? - Interlude
92%
3 King Kunta
92%
6 u
92%
13 The Blacker The Berry
87%
8 For Sale? - Interlude
83%
5 These Walls
83%
4 Institutionalized
81%
9 Momma
79%
11 How Much A Dollar Cost
76%
16 Mortal Man
76%
10 Hood Politics
65%
12 Complexion (A Zulu Love)
63%
14 You Ain't Gotta Lie (Momma Said)
59%
No matching quizzes found
Score Distribution
Percent of People with Each Score
Percentile by Number Answered
Your Score History
You have not taken this quiz